| 000 | 00481nam a2200181Ia 4500 | ||
|---|---|---|---|
| 008 | 131103s9999 xx 000 0 und d | ||
| 040 | _aLoreto College | ||
| 041 | _aEnglish | ||
| 082 |
_a891.443/TAG _bLCLIB/16906 |
||
| 100 | _aTagore, Abanindra | ||
| 245 |
_aGhoroa _cAbanindra Tagore & Rani Chand |
||
| 260 |
_aCalcutta _bBiswabharti _c1962 |
||
| 300 |
_a125p. _c 23cm. |
||
| 650 | _aBengali fiction | ||
| 700 | _aChanda, Rani | ||
| 850 | _aLCLIB/891.443/TAG | ||
| 942 | _cBK | ||
| 999 |
_c22960 _d73439 |
||